000 00655nam a2200229Ia 4500
003 OSt
005 20220923225907.0
006 a|||||r|||| 00| 0
007 ta
008 Pun
024 _a275,702
037 _cTextual
040 _aARTS
_cARTS
_bPun
041 _2Pun
_aPun
082 _aO153,1N201:g, L7
100 _aਸਮਾਣਾ, ਅਮਰਜੀਤ
_9156318
245 0 _aਕਵੀ ਡਾ ਹਰਿਭਜਨ ਸਿੰਘ
_b ਇਕ ਅਧਿਐਨ
260 _c1977
650 _aਪੰਜਾਬੀ ਸਾਹਿਤ
942 _hO153,1N201:g, L7
_cTEXL
_2CC
999 _c381148
_d381148